00748nam a2200193 a 450000100100000000500170001000800410002702000180006804000250008608200150011110000320012624500610015826000360021930000500025559000260030550400320033195201740036399900170053700004300620201002040551.0140217s2007 xxuabc r 000 0 spa d a9780553382402 aDO-SdBNPbspacBNPHU axxxxbxxxx1 aMeyer, G. J.,d1940-97052610aA world undone :bthe story of the great war, 1914-1918. aNew York :bBantam Dell,c2007. axxxvi, 777 p. :bil., mapas, retrs. ;c21 cm. aInventariado, 2019/BT aBibliografía : p. 753-763 001050718MOaGRbGRcHDd2014-02-17iLF1l0oxxxx xxxxp43006-10r2020-06-25w2020-06-25y1zPerteneció a la biblioteca personal de Denisse Ramírez.ZNo se presta c42495d42495